Food!!!!!! pictures!!!!!!! - Statistics

General Stats
  • This quiz has been taken 1,387 times
  • The average score is 12 of 15
Answer Stats
Picture Answer % Correct
Pizza
95%
Croissant
94%
Sushi
94%
Salmon
89%
Cake
84%
Burger
81%
Chicken
81%
Jelly beans
80%
Pasta
79%
Tomatoes
79%
Chilli
78%
Potatoes
78%
Beef
71%
Doughnuts
56%
Sprouts
43%
No matching quizzes found
Score Distribution
Percent of People with Each Score
Percentile by Number Answered
Your Score History
You have not taken this quiz